Score 0/22 Timer 02:00
0 Plays Today
Title Missing Word % Correct
_____ NemoFinding
98.6%
_____ of the Caribbean: At World's EndPirates
98.1%
Kung Fu _____Panda
95.8%
_____ Mia!Mamma
95.7%
Harry Potter and the Philosopher's/Sorcerer's _____ Stone
95.4%
Iron _____Man
95.1%
The _____ KnightDark
92.7%
The Chronicles of Narnia: The Lion, the Witch and the _____Wardrobe
92%
The _____ Saga: New MoonTwilight
91.8%
War of the _____Worlds
91.4%
Night at the _____Museum
91.4%
Title Missing Word % Correct
The Day After _____Tomorrow
91.2%
_____ RoyaleCasino
91%
The Passion of the _____Christ
88.8%
The Lord of the Rings: The _____ of the KingReturn
86.5%
Quantum of ______Solace
83.9%
The_____ CodeDa Vinci
81.2%
Shrek the _____Third
80.8%
I Am _____Legend
78.3%
Star Wars Episode II: _____ of the ClonesAttack
72.6%
The Matrix _____Reloaded
71.5%
Ice Age: _____ of the DinosaursDawn
53.2%

Today's Daily Dose

Remove Ads.
Support Sporcle.
Get the best of Sporcle when you Go Orange. This ad-free experience offers more features, more stats, and more fun while also helping to support Sporcle. Thank you for becoming a member.

You're not logged in!

Compare scores with friends on all Sporcle quizzes.
OR
Log In

Show Comments

Extras

Top Quizzes Today


Score Distribution

Your Account Isn't Verified!

In order to create a playlist on Sporcle, you need to verify the email address you used during registration. Go to your Sporcle Settings to finish the process.

Report this User

Report this user for behavior that violates our Community Guidelines.

Details: